000 00438cam a2200169ua 4500
020 _c5.00
041 _aeng
_h
082 _a920
_bVAL/DI
100 _aValji, Govindji Desai .
245 0 0 _aDiary of Mahadev Desai, Vol 1 /
_cGonvindji Desai Valji.
_hTextual Documents
260 _aAhmadabad :
_bNavajivan publishing house ,
_c1932.
300 _a336 ; .
365 _a5.00
504 _a
942 _cBK
999 _c6268
_d6268